00309nam a2200133Ia 45000030006000000080041000060400015000471000017000622450036000792500011001152600020001265460012001460050017001580STCL150530s9999 xx 000 0 und d aSTCLcSTCL aWilson, J.A. aPrinciples of animal physiology aSecond bMacmillanc1979 aEnglish20220125170433.0